| 000 | 00420nam a22001337a 4500 | ||
|---|---|---|---|
| 999 |
_c523389 _d523389 |
||
| 008 | 230816b ||||| |||| 00| 0 eng d | ||
| 100 |
_aGrover, A.N. _943137 |
||
| 245 | _aPress and parliament | ||
| 260 | _aJournal of Constitutional and Parliamentary Studies | ||
| 300 | _a54(1-4), Jan-Dec, 2020: p.128-148 | ||
| 773 | _aJournal of Constitutional and Parliamentary Studies | ||
| 906 | _aPARLIAMENT | ||
| 942 | _cAR | ||